BFDIE Title Quiz, All 11 Episodes - Statistics

General Stats
  • This quiz has been taken 37 times
  • The average score is 7 of 11
Answer Stats
Picture Answer % Correct
Elsewhere On Earth
83%
Insectophobes Nightmare 0
76%
Escape Nightmare Island!
72%
Everyones Enemies
72%
The Root Of All Evil
69%
One Hundred Shells No More No Less
66%
The Bare Minimum
66%
Alternate Endings
62%
Some Assembly Required
62%
The Three Leg Three Legged Race
59%
The Exploding Loser Chamber
55%
No matching quizzes found
Score Distribution
Percent of People with Each Score
Percentile by Number Answered
Your Score History
You have not taken this quiz